000 01124nam0a2200313 4500
001 RU\NLR\bibl\890311
005 20250614172153.0
010 _a5-222-00366-3
_95000
035 _a(NLR Aleph) 000878817
090 _a1645860
_c1645860
100 _a20051219d1998 |||y0rusy50 ca
101 1 _arus
_cfre
102 _aRU
105 _ab |||||||||
200 1 _aФридрих Барбаросса
_fМарсель Пако
_g[пер. с фр. Редичкиной Т.Н.]
210 _aРостов-на-Дону
_cФеникс
_d1998
215 _a317,[2] с.
_cкарт.
_d21
225 1 _aСерия "След в истории"
600 0 _aФридрих I Барбаросса
_f1122 - 1190
_91886387
_3RU\NLR\AUTH\661147937
686 1 _aТ3(4Г)42-8
686 1 _aЦ35(0)42-424дФридрих I Барбаросса
700 1 _aПако
_bМ.
_gМарсель
_4070
801 0 _aRU
_bNLR
_c20051219
_grcr
801 1 _aRU
_bNLR
_c20051219
942 _cBOOK
980 _aNB